[Event "FRA-ch U14 Girls"]
[Site "Aix les Bains"]
[Date "2009.04.19"]
[Round "1"]
[White "Monpeurt, Cyrielle"]
[Black "Guerin, Laurie Jade"]
[Result "1-0"]
[WhiteElo "1755"]
[BlackElo "1430"]
[PlyCount "77"]
[EventDate "2009.04.19"]
[EventType "swiss"]
[EventRounds "9"]
[EventCountry "FRA"]
[SourceTitle "CBM 130 Extra"]
[Source "ChessBase"]
[SourceDate "2009.07.02"]
[SourceVersion "2"]
[SourceVersionDate "2009.07.15"]
[SourceQuality "1"]

1. e4 c5 2. Nf3 d6 3. d4 cxd4 4. Nxd4 Nf6 5. Nc3 e6 6. Be3 a6 7. Qf3 Qc7 8. 0-0-0 b5 9. Bd3 e5 10. Nf5 Nc6 11. Qg3 g6 12. Nh6 Be6 13. Qh4 Bg7 14. Bg5 Nh5 15. g4 f6 16. gxh5 fxg5 17. Qxg5 Qa5 18. hxg6 Bxh6 19. Qxh6 0-0-0 20. gxh7 b4 21. Qxe6+ Kb8 22. Ne2 Rxh7 23. Qd5 Qb6 24. Rdg1 Kc7 25. Qc4 Kb7 26. Rg8 Rxg8 27. Qxg8 Rd7 28. Qc4 Rg7 29. Kb1 Nd8 30. Qd5+ Kc7 31. f3 Rg2 32. h4 Kd7 33. h5 Ne6 34. b3 Nf4 35. Nxf4 exf4 36. Rd1 Qc7 37. e5 Rh2 38. exd6 Qxd6 39. Bf5+ 1-0

[Event "FRA-ch U14 Girls"]
[Site "La Roche sur Yon"]
[Date "2008.04.21"]
[Round "1"]
[White "Guerin, Laurie Jade"]
[Black "Afraoui, Solenn"]
[Result "0-1"]
[WhiteElo "1430"]
[BlackElo "1830"]
[PlyCount "114"]
[EventDate "2008.04.21"]
[EventType "swiss"]
[EventRounds "9"]
[EventCountry "FRA"]
[SourceTitle "EXT 2010"]
[Source "ChessBase"]
[SourceDate "2010.11.25"]
[SourceVersion "1"]
[SourceVersionDate "2010.11.25"]
[SourceQuality "1"]

1. e4 c5 2. Nf3 d6 3. Nc3 Nf6 4. h3 a6 5. d4 cxd4 6. Nxd4 e6 7. Bc4 Be7 8. 0-0 0-0 9. Re1 Qc7 10. Bb3 Nc6 11. Be3 b5 12. a3 Re8 13. Qd2 Bb7 14. Rad1 Ne5 15. Bf4 Nc4 16. Bxc4 Qxc4 17. e5 dxe5 18. Bxe5 Rac8 19. Qd3 b4 20. Qxc4 Rxc4 21. axb4 Bxb4 22. Bxf6 gxf6 23. Re3 Rec8 24. Nde2 R4c5 25. Ne4 Bxe4 26. Rxe4 Rxc2 27. Rxb4 Rxe2 28. h4 f5 29. b3 Rcc2 30. Rd8+ Kg7 31. h5 Rxf2 32. h6+ Kf6 33. Rg8 Rfd2 34. Rg7 Re2 35. Rb7 Rb2 36. Rgxf7+ Kg6 37. Rxh7 Rxg2+ 38. Kf1 Rh2 39. Rhg7+ Kxh6 40. Rh7+ Kg6 41. Rxh2 Rxh2 42. Rb6 Kf6 43. Rxa6 f4 44. b4 Rb2 45. Rb6 Kf5 46. Rb8 Ke4 47. Re8 e5 48. Rf8 Kf3 49. Ke1 Ke3 50. Kf1 f3 51. Kg1 Rb1+ 52. Kh2 f2 53. Kg2 Rg1+ 54. Kh2 f1Q 55. Rxf1 Rxf1 56. Kg2 Ke2 57. b5 Rf8 0-1